| 000 | 00506nam a2200169Ia 4500 | ||
|---|---|---|---|
| 008 | 090711s9999 xx 000 0 und d | ||
| 082 | _b49006 | ||
| 100 | _aवाळिंबे वि. स. | ||
| 245 | _aयुवराज | ||
| 260 |
_bश्रीविद्या प्रकाशन _c1984 |
||
| 300 | _a332 | ||
| 600 | _aवाळिंबे वि. स. | ||
| 630 | _aयुवराज | ||
| 700 | _aवाळिंबे वि. स. | ||
| 730 | _aयुवराज | ||
| 942 | _cBOOK | ||
| 999 |
_c330502 _d330502 |
||